000 01045cam a2200289 a 4500
999 _c26961
_d26961
001 206216
003 OSt
005 20170207095647.0
008 990201s2000 nyua b 001 0 eng
010 _a 99070841
020 _a0500203261 (pbk.)
040 _aDLC
_cDLC
_dDLC
043 _aa-ja---
050 0 0 _aN7350 .S7 2000
082 0 0 _a709/.52
_221
100 1 _aStanley-Baker, Joan.
_d2000-
245 1 0 _aJapanese art /
_cJoan Stanley-Baker.
250 _aRev. and expanded ed.
260 _aNew York :
_bThames and Hudson,
_c2000.
300 _a223 p. :
_bill. (some col.), maps ;
_c22 cm.
440 0 _aWorld of art
500 _aIncludes bibliographical references (p. 212-215) and index.
650 0 _aArt, Japanese.
906 _a7
_bcbc
_corignew
_d2
_eopcn
_f19
_gy-gencatlg
942 _2lcc
_cBOOKS
_hN7350 .S7 2000
_k34511